000 00842nam a2200205 a 4500
003 0
005 20250505150912.0
008 080527s19uu xx 00 eng d
050 _aPHS HV 5726
_b.L55 2005
100 _aLilie, Emma Caroline Y.
245 _aA Comparative study on the causes of smoking between male and female Southville International School and Colleges students /
_cEmma Caroline Y. Lillie.
260 _aLas PiƱas City, Philippines :
_bSouthville International School and Colleges,
_c2005.
300 _av, 27 pages :
_billustrations ;
_c28 cm.
504 _aIncludes bibliographical references.
650 _2Library of Congress Subject Headings
_aSmoking
_zPhilippines
_xPsychological aspects.
650 _aTeenage smoking
_zPhilippines.
650 _aSmoking
_xSex differences.
942 _2lcc
_cPASS
999 _c97266
_d97266